| 000 | 01455nac a22003131u 4500 | ||
|---|---|---|---|
| 008 | 100725t xxu||||| |||| 00| 0 eng d | ||
| 010 | _a 2002028455 | ||
| 020 | _a0700717315 (alk. paper) | ||
| 020 | _a0700717323 (pbk. : alk. paper) | ||
| 035 | _a(OCoLC)ocm50143401 | ||
| 082 | 0 | 0 |
_a297.27 _bISL |
| 245 | 0 | 0 |
_aIslam Encountering Globalization / _cEdited by Ali Mohammadi. |
| 260 |
_aLondon ; _aNew York : _bRoutledgeCurzon,c.2002. _cc.2002. |
||
| 300 |
_axii, 242 p. ; _c23 cm. |
||
| 490 | 1 |
_aRoutledgeCurzon Durham modern Middle East and Islamic world series ; _v2 _916784 |
|
| 504 | _aIncludes bibliographical references (p. [222]-236) and index. | ||
| 650 | 0 |
_aIslamic renewal. _916785 |
|
| 650 | 0 |
_aGlobalization _xReligious aspects _xIslam. _916786 |
|
| 650 | 0 |
_aIslam and world politics. _916787 |
|
| 650 | 0 |
_aIslam in mass media. _916788 |
|
| 650 | 0 |
_aIslam _y20th century. _916789 |
|
| 651 | 0 |
_aIslamic countries _xRelations _zEurope. _916790 |
|
| 651 | 0 |
_aEurope _xRelations _zIslamic countries. _916791 |
|
| 700 |
_aMohammadi, Ali [ed.] _916792 |
||
| 830 | 0 |
_aDurham modern Middle East and Islamic world series ; _916793 |
|
| 856 | 4 | 2 |
_3Publisher description _uhttp://www.loc.gov/catdir/enhancements/fy0652/2002028455-d.html |
| 942 |
_cNB _k297.27ISL _2ddc |
||
| 999 |
_c5118 _d5118 |
||